| 000 | 01349nam a2200265Ia 4500 | ||
|---|---|---|---|
| 003 | OSt | ||
| 005 | 20210413143728.0 | ||
| 008 | 210310s1969 sp ad gr 000 0 spa d | ||
| 020 | _a8436800516 | ||
| 040 |
_aCO-JMCR _cCO-JMCR |
||
| 041 | 1 | _aspa | |
| 082 | 0 | 4 |
_a658.8 / _bM787m _223 |
| 100 | 1 |
_aMontgomery, David B., _eautor _925651 |
|
| 245 | 1 | 0 |
_aMarketing científico / _cDavid B. Montgomery, Glen L. Urban ; prologo, Antonio Pulido San Román |
| 260 |
_aMadrid : _bPirámide, _c1969. |
||
| 300 |
_a350 páginas : _bIlustraciones en blanco y negro ; _c23 cm. |
||
| 490 | 0 | _aColección quantum | |
| 500 | _aIncluye índice de autores y materias. | ||
| 505 | 0 | _aIntroducción a la dirección científica y al marketing. -- Modelos de respuesta del mercado. -- Apéndice: algunas consideraciones metodológicas de los modelos estocásticos del mercado. -- Decisiones de publicidad. -- Decisiones de precios. -- Decisiones de distribución. -- Decisiones del personal de ventas. -- Decisiones de nuevos productos. -- Aplicación de ka dirección cientifica al Marketing. -- El futuro de la dirección científica en el marketing. -- | |
| 650 | 1 | 4 |
_aMarketing _936777 |
| 650 | 1 | 4 |
_aEstudio de mercado. _936778 |
| 700 | 1 |
_aUrban, Glen L., _eautor _936779 |
|
| 700 | 1 |
_aPulido San Román, Antonio, _eprologuista _936780 |
|
| 942 |
_2ddc _cBK |
||
| 999 |
_c11484 _d11484 |
||